000
00238nam a2200097Ia 4500
008
240625s9999 xx 000 0 und d
041
_a
eng
082
_a
808.20 ROY
100
_a
ROY KUNAL
245
_a
BRANDING STRATEGIES FOR CLIENTS OF DY WO
999
_c
38071
_d
38071